Taste of home's contest winning annual recipes. (Record no. 1177)
[ view plain ]
| 000 -LEADER | |
|---|---|
| fixed length control field | 01618cas a2200433 a 4500 |
| 005 - DATE AND TIME OF LATEST TRANSACTION | |
| control field | 20260322212050.0 |
| 007 - PHYSICAL DESCRIPTION FIXED FIELD--GENERAL INFORMATION | |
| fixed length control field | data |
| 008 - FIXED-LENGTH DATA ELEMENTS--GENERAL INFORMATION | |
| fixed length control field | data |
| 010 ## - LIBRARY OF CONGRESS CONTROL NUMBER | |
| LC control number | 2004212960 |
| 012 ## - | |
| -- | -3-7-1108050203-p----- |
| 022 0# - INTERNATIONAL STANDARD SERIAL NUMBER | |
| International Standard Serial Number | 1548-4157 |
| ISSN-L [OBSOLETE] | 1548-4157 |
| Source | 1 |
| 037 ## - SOURCE OF ACQUISITION | |
| Source of stock number/acquisition | Reiman Media Group, 5400 S. 60th St., Greendale WI 53129 |
| 040 ## - CATALOGING SOURCE | |
| Original cataloging agency | NSDP |
| Transcribing agency | NSDP |
| Modifying agency | IRoo |
| -- | OCoLC |
| -- | IRoo |
| 042 ## - AUTHENTICATION CODE | |
| Authentication code | nsdp |
| -- | nsdp |
| 050 00 - LIBRARY OF CONGRESS CALL NUMBER | |
| Classification number | TX715 |
| Item number | .T213224 |
| 082 10 - DEWEY DECIMAL CLASSIFICATION NUMBER | |
| Classification number | 641 |
| Edition information | 13 |
| 092 ## - LOCALLY ASSIGNED DEWEY CALL NUMBER (OCLC) | |
| Classification number | 641.5 T2132 2004 |
| 001 - CONTROL NUMBER | |
| control field | data |
| 222 #0 - KEY TITLE | |
| Key title | Taste of home's contest winning annual recipes |
| 245 10 - TITLE STATEMENT | |
| Title | Taste of home's contest winning annual recipes. |
| 246 30 - VARYING FORM OF TITLE | |
| Title proper/short title | Contest winning annual recipes |
| 246 17 - VARYING FORM OF TITLE | |
| Title proper/short title | Contest winning recipes |
| 260 ## - PUBLICATION, DISTRIBUTION, ETC. | |
| Place of publication, distribution, etc. | Greendale, WI : |
| Name of publisher, distributor, etc. | Reiman Media Group, |
| Date of publication, distribution, etc. | 2004- |
| 300 ## - PHYSICAL DESCRIPTION | |
| Extent | v. : |
| Other physical details | col. ill. ; |
| Dimensions | 28 cm. |
| 310 ## - CURRENT PUBLICATION FREQUENCY | |
| Current publication frequency | Annual |
| 362 0# - DATES OF PUBLICATION AND/OR SEQUENTIAL DESIGNATION | |
| Dates of publication and/or sequential designation | 2004- |
| 500 ## - GENERAL NOTE | |
| General note | "Taste of home books." |
| 580 ## - LINKING ENTRY COMPLEXITY NOTE | |
| Linking entry complexity note | Compilation ed. of prize-winning recipes from: Taste of home; Taste of home quick cooking; Country woman; and Country (Greendale, Wis.). |
| 650 #0 - SUBJECT ADDED ENTRY--TOPICAL TERM | |
| Topical term or geographic name entry element | Cooking, American |
| Form subdivision | Periodicals. |
| 650 #0 - SUBJECT ADDED ENTRY--TOPICAL TERM | |
| Topical term or geographic name entry element | Cooking, American |
| General subdivision | Competitions |
| Form subdivision | Periodicals. |
| 730 0# - ADDED ENTRY--UNIFORM TITLE | |
| Uniform title | Taste of home. |
| 730 0# - ADDED ENTRY--UNIFORM TITLE | |
| Uniform title | Country woman. |
| 730 0# - ADDED ENTRY--UNIFORM TITLE | |
| Uniform title | Country (Greendale, Wis.) |
| 730 0# - ADDED ENTRY--UNIFORM TITLE | |
| Uniform title | Taste of home quick cooking. |
| 787 1# - OTHER RELATIONSHIP ENTRY | |
| Title | Taste of home |
| International Standard Serial Number | 1071-5878 |
| Record control number | (OCoLC)27481413 |
| -- | (OCoLC)27481413 |
| 787 1# - OTHER RELATIONSHIP ENTRY | |
| Title | Country woman |
| International Standard Serial Number | 0892-8525 |
| Record control number | (OCoLC)15272003 |
| -- | (OCoLC)15272003 |
| 787 1# - OTHER RELATIONSHIP ENTRY | |
| Title | Country (Greendale, Wis.) |
| International Standard Serial Number | 0895-0377 |
| Record control number | (OCoLC)15608824 |
| -- | (OCoLC)15608824 |
| 787 1# - OTHER RELATIONSHIP ENTRY | |
| Title | Taste of home quick cooking |
| International Standard Serial Number | 1099-632X |
| Record control number | (OCoLC)38472218 |
| -- | (OCoLC)38472218 |
| Withdrawn status | Lost status | Damaged status | Not for loan | Home library | Current library | Shelving location | Date acquired | Total checkouts | Full call number | Barcode | Date last seen | Price effective from | Koha item type |
|---|---|---|---|---|---|---|---|---|---|---|---|---|---|
| Centerville | Centerville | General stacks | 22/03/2026 | 641 13 | BC0011215 | 22/03/2026 | 22/03/2026 | Books |